000 00797nam a22002057a 4500
005 20251108165457.0
008 250721s1998 xx 000 0 ara d
082 1 4 _aم/956.504/حسي
100 1 _aأبو علبة، محمد عبد الله
_eمحرر
245 1 0 _aالنطق السامي 1952-1998 لجلالة الملك الحسين بن طلال المعظم حول شؤون القدس و المقدسات :
_bحول شؤون القدس الشريف و المقدسات /
264 1 _aعمان :
_bالمؤلف،
_c1998.
300 _a568ص.
650 1 7 _aالتاريخ السياسي
650 1 7 _aالأردن
650 1 7 _aالمدن
650 1 7 _aالخطب السياسية
700 1 _aالخماس، نبال تيسير
_eتحرير
942 _2ddc
_cREF
999 _c28837
_d28837